Places Places Places! - Statistics

General Stats
  • This quiz has been taken 14 times
  • The average score is 16 of 50
Answers on the Map
Answers color-coded by a green-red scale on the quiz's map according to % correct below.
 
Answer Stats
Answer % Correct
Canada
83%
Chad
83%
Guyana
67%
Malawi
67%
Moscow
67%
Tokyo
67%
Addis Ababa
50%
Buenos Aires
50%
China
50%
Croatia
50%
Georgia
50%
India
50%
Malta
50%
Sri Jayawardenepura Kotte
50%
Tonga
50%
Uganda
50%
Warsaw
50%
Cambodia
33%
Estonia
33%
Kiribati
33%
Mozambique
33%
Vienna
33%
Yemen
33%
Algeria
17%
Botswana
17%
Brussels
17%
Cairo
17%
Comoros
17%
Djibouti
17%
Gitega
17%
Haiti
17%
Jerusalem
17%
Kuwait
17%
La Paz
17%
Luanda
17%
Luxembourg
17%
New Zealand
17%
Oman
17%
Panama City
17%
Paris
17%
Rwanda
17%
Serbia
17%
Slovenia
17%
Sofia
17%
Trinidad
17%
Zimbabwe
17%
Falkland Islands
0%
Florida
0%
Gambia
0%
Palestine
0%
No matching quizzes found
Score Distribution
Percent of People with Each Score
Percentile by Number Answered
Your Score History
You have not taken this quiz